000
00277nam a22001097a 4500
999
_c
529591
_d
529591
082
_a
658.562
100
_a
PIQC
245
_a
ISO 9000 SYSTEM DESIGNING AND DOCUMENTATION /
_c
PIQC
300
_a
73 p.
942
_2
ddc
_c
BK